| 000 | 00438 a2200157 4500 | ||
|---|---|---|---|
| 999 |
_c12727 _d12727 |
||
| 003 | OSt | ||
| 005 | 20240711164031.0 | ||
| 008 | 240620b ||||| |||| 00| 0 eng d | ||
| 020 | _a9783764356040 | ||
| 082 | _a721 | ||
| 100 | _aFriederike Schneider | ||
| 245 | _aLeonwohlhage: Hilde Leon + Konrad Wohlhage, Buildings and Projects = Bauten und Projekte, 1987-1997 | ||
| 260 |
_bBirkhauser Verlag _c1997 |
||
| 300 | _a128p; | ||
| 942 | _2ddc | ||